| 000 | 00511nam a22001817a 4500 | ||
|---|---|---|---|
| 999 |
_c190229 _d190229 |
||
| 005 | 20220721103428.0 | ||
| 010 | _aENG-133471 | ||
| 020 |
_a9788177114607 _c100.00 |
||
| 035 | _aEN-117003 | ||
| 037 | _bDBAD/PUB | ||
| 082 | _aN | ||
| 100 | _aWells, H.G. | ||
| 245 |
_aThe Invisble Man: _bA Grotesque Romance/ _cH.G. Wells |
||
| 260 |
_aJaipur _bSahityagar _c2014 |
||
| 270 |
_aDhamani Market Street, Chaura Rast _bJaipur _msahityagarjpr@yahoo.co.in |
||
| 300 |
_a134p. _c21cm(pbk) |
||
| 942 |
_2ddc _cEN _hN _mWEL |
||